A Facebook-on közzétett tartalmak szabályozása

Elmentve itt :
Bibliográfiai részletek
Szerző: Magony Gellért
Dokumentumtípus: Cikk
Megjelent: Szegedi Tudományegyetem, Állam- és Jogtudományi Kar, Összehasonlító Jogi és Jogelméleti Intézet Szeged 2021
Sorozat:Comparative Law Working Papers 5 No. 3
Kulcsszavak:Információs társadalom, Közösségi média - jogi szabályozás, Mesterséges intelligencia alkalmazása - közösségi média
Tárgyszavak:
Online Access:http://acta.bibl.u-szeged.hu/86643
LEADER 00959nab a2200217 i 4500
001 acta86643
005 20250214144135.0
008 250214s2021 hu o 000 hun d
022 |a 2560-1911 
040 |a SZTE Egyetemi Kiadványok Repozitórium  |b hun 
041 |a hun 
100 1 |a Magony Gellért 
245 1 2 |a A Facebook-on közzétett tartalmak szabályozása  |h [elektronikus dokumentum] /  |c  Magony Gellért 
260 |a Szegedi Tudományegyetem, Állam- és Jogtudományi Kar, Összehasonlító Jogi és Jogelméleti Intézet  |b Szeged  |c 2021 
300 |a 14 
490 0 |a Comparative Law Working Papers  |v 5 No. 3 
650 4 |a Társadalomtudományok 
650 4 |a Jogtudomány 
650 4 |a Média és kommunikáció 
695 |a Információs társadalom, Közösségi média - jogi szabályozás, Mesterséges intelligencia alkalmazása - közösségi média 
856 4 0 |u http://acta.bibl.u-szeged.hu/86643/1/comparative_law_2021_003_010.pdf  |z Dokumentum-elérés